000 00582nam a22001817a 4500
005 20141121122236.0
010 _aENG-111149
020 _c285.00
_a9788123771953
035 _aEN-94681
037 _bDBAD/PUB
082 _a330.9
245 _aReorganisation of states in India :
_btext and context
260 _aNew Delhi
_bNational Book Trust
_c2014
270 _bNew Delhi
_e110070
_aNehru Bhawan, 5 Institutional Area Phase-II,Vasant Kunj
300 _axl,351p.
_c22cm(pbk)
500 _aincludes bibliographical references
942 _2ddc
_cEN
_mREO
_h330.9
999 _c89828
_d89828